000 00676nam a2200169 a 4500
008 120416s1987 ||||||||||||||||| || u
020 _a0333387511
050 _aUA 856 Moo
100 _aMoore, John Darey Lewis
245 1 0 _aSouth Africa and nuclear proliferation: South Africa's nuclear capabilities and intentions...
260 _aLondon:
_bMacmillan
_c1987
300 _axvii, 227p. : ill.
350 _a0.00
650 _aNUCLEAR ARMS CONTROL--SOUTH AFRICA
650 _aNUCLEAR NONPROLIFERATION--SOUTH AFRICA
995 _D0.00
_FCBU-MAIN LIBRARY (Kitwe)
_H1
_I32.45
_M1
_UAVAILABLE
_ZAnnex Low-Usage Collection
999 _c57970
_d57970